[Event "I Open Franciacorta"]
[Site "Castelli Calepio ITA"]
[Date "2007.04.28"]
[Round "1"]
[White "Biagini, Leonardo"]
[Black "Dieli, Riccardo"]
[Result "0-1"]
[WhiteElo "1404"]
[BlackElo "1853"]
[PlyCount "80"]
[EventDate "2007.04.28"]

1. e4 c5 2. Nf3 g6 3. Bb5 a6 4. Bc4 e6 5. Nc3 b5 6. Be2 Bg7 7. d4 c4 8. O-O Bb7
9. e5 Ne7 10. Bg5 O-O 11. Bxe7 Qxe7 12. a3 d6 13. Re1 dxe5 14. dxe5 Nc6 15. Bf1
Rad8 16. Qc1 Qc7 17. Qf4 Ne7 18. Be2 Nd5 19. Nxd5 Rxd5 20. Bf1 Rc5 21. Rad1
Bxf3 22. Qxf3 Bxe5 23. g3 Bxb2 24. Qe3 Qe7 25. c3 Rcc8 26. Qf3 Qxa3 27. Rd7
Qxc3 28. Re3 Qf6 29. Qb7 Rb8 30. Qxa6 Bd4 31. Re2 c3 32. Rc2 Qf5 33. Qa2 b4 34.
Bc4 Rfd8 35. Re7 Bf6 36. Rc7 Rd1+ 37. Kg2 Qe4+ 38. Kh3 Rg1 39. f4 Qf5+ 40. g4
Qxg4# 0-1

[Event "I Open Franciacorta"]
[Site "Castelli Calepio ITA"]
[Date "2007.04.28"]
[Round "1"]
[White "Biava, Pierluigi"]
[Black "Lazic, Miroljub"]
[Result "0-1"]
[WhiteElo "1763"]
[BlackElo "2450"]
[PlyCount "46"]
[EventDate "2007.04.28"]

1. Nf3 d5 2. d4 Nf6 3. e3 c5 4. c4 cxd4 5. Nxd4 e5 6. Nb5 a6 7. N5a3 Nc6 8.
cxd5 Nxd5 9. Bc4 Be6 10. O-O b5 11. Be2 Be7 12. e4 Ndb4 13. Nc3 O-O 14. Nc2
Nxc2 15. Qxc2 Nd4 16. Qd1 Nxe2+ 17. Nxe2 Bc4 18. Qxd8 Rfxd8 19. Nc3 Bxf1 20.
Kxf1 Rac8 21. Nd5 Kf8 22. Bd2 Rc2 23. Bc3 Bc5 0-1

[Event "I Open Franciacorta"]
[Site "Castelli Calepio ITA"]
[Date "2007.04.28"]
[Round "1"]
[White "Brunello, Marina"]
[Black "Tonelli, Gianfranco"]
[Result "1-0"]
[WhiteElo "1924"]
[BlackElo "1510"]
[PlyCount "61"]
[EventDate "2007.04.28"]

1. e4 e6 2. d4 c5 3. Nf3 cxd4 4. Nxd4 Bc5 5. Be3 Qb6 6. b3 Nc6 7. c3 a6 8. Nc2
Nf6 9. Bd3 O-O 10. O-O d5 11. exd5 exd5 12. Bxc5 Qxc5 13. Nd4 Bg4 14. Qd2 Ne4
15. Bxe4 dxe4 16. Nxc6 Qxc6 17. c4 Rad8 18. Qf4 Qg6 19. Nc3 Rfe8 20. Rfe1 Rd3
21. Nxe4 Bf3 22. Nf6+ gxf6 23. Rxe8+ Kg7 24. Qg3 Qxg3 25. hxg3 Bc6 26. Re2 Bd7
27. f3 Kg6 28. Kf2 Kg5 29. Rc1 h5 30. Rcc2 Rd1 31. Rcd2 1-0

[Event "I Open Franciacorta"]
[Site "Castelli Calepio ITA"]
[Date "2007.04.28"]
[Round "1"]
[White "Capata, Ion"]
[Black "Moro, Roberto"]
[Result "1-0"]
[WhiteElo "2158"]
[BlackElo "1739"]
[PlyCount "43"]
[EventDate "2007.04.28"]

1. e4 c5 2. c3 Nc6 3. d4 cxd4 4. cxd4 d5 5. e5 Qb6 6. Ne2 Bg4 7. Nbc3 Bxe2 8.
Nxe2 e6 9. a3 f6 10. exf6 Nxf6 11. g3 Bd6 12. Bg2 O-O 13. O-O h5 14. Qd3 h4 15.
gxh4 e5 16. dxe5 Nxe5 17. Qf5 Rae8 18. Nf4 Ne4 19. Qh5 Rxf4 20. Bxf4 Nf6 21.
Bxe5 Kf8 22. Qh8+ 1-0

[Event "I Open Franciacorta"]
[Site "Castelli Calepio ITA"]
[Date "2007.04.28"]
[Round "1"]
[White "De Bellis, Aldo"]
[Black "Lanni, Vincenzo"]
[Result "1/2-1/2"]
[WhiteElo "1440"]
[BlackElo "1899"]
[PlyCount "113"]
[EventDate "2007.04.28"]

1. e4 g6 2. Nf3 Bg7 3. c3 d6 4. Bc4 Nf6 5. d3 O-O 6. O-O c6 7. Bg5 Nbd7 8. Nbd2
Qc7 9. d4 e5 10. h3 Re8 11. Qb3 Nf8 12. dxe5 dxe5 13. Rfd1 b5 14. Be2 Ne6 15.
Be3 Nf4 16. Bf1 Be6 17. Qc2 h6 18. Nb3 Nd7 19. a4 a6 20. Nc5 Nxc5 21. Bxc5 Rad8
22. Rxd8 Rxd8 23. a5 Qb7 24. Rd1 Rxd1 25. Qxd1 Qd7 26. Qxd7 Bxd7 27. c4 f6 28.
cxb5 cxb5 29. Kh2 Ne6 30. Bb6 Bf8 31. Be3 Nc5 32. Nd2 Nb7 33. f4 Nxa5 34. fxe5
fxe5 35. Nf3 Bg7 36. Nd2 Be6 37. Bd3 Nc4 38. Nxc4 Bxc4 39. Bc2 h5 40. Bb6 Kf7
41. g3 Be6 42. b4 Bf8 43. Ba5 Ba2 44. Kg2 Bd6 45. Kf3 g5 46. g4 h4 47. Kg2 Ke6
48. Kf3 Kd7 49. Ke2 Bc7 50. Bxc7 Kxc7 51. Kd2 Kb6 52. Bd3 a5 53. Kc3 a4 54. Bf1
a3 55. Kc2 Bc4 56. Bg2 Kc6 57. Kc3 1/2-1/2

[Event "I Open Franciacorta"]
[Site "Castelli Calepio ITA"]
[Date "2007.04.28"]
[Round "1"]
[White "De Santis, Alessio"]
[Black "Colzi, Dante"]
[Result "1-0"]
[WhiteElo "2321"]
[BlackElo "1754"]
[PlyCount "45"]
[EventDate "2007.04.28"]

1. d4 d5 2. c4 e6 3. Nc3 Nf6 4. cxd5 exd5 5. Bg5 Be7 6. e3 c6 7. Qc2 Nbd7 8.
Bd3 O-O 9. Nge2 Re8 10. O-O Nf8 11. f3 Be6 12. e4 N6d7 13. Bxe7 Qxe7 14. e5 c5
15. f4 cxd4 16. Nxd4 Qc5 17. Qf2 f6 18. Nxe6 Nxe6 19. Bb5 Qxf2+ 20. Rxf2 Red8
21. Nxd5 a6 22. Bxd7 Rxd7 23. Nb6 1-0

[Event "I Open Franciacorta"]
[Site "Castelli Calepio ITA"]
[Date "2007.04.28"]
[Round "1"]
[White "Garnero, Lorenzo"]
[Black "Rossi, Giampiero"]
[Result "0-1"]
[WhiteElo "1569"]
[BlackElo "2010"]
[PlyCount "106"]
[EventDate "2007.04.28"]

1. e4 c5 2. c4 e6 3. Nf3 a6 4. Nc3 Nc6 5. d4 cxd4 6. Nxd4 Qc7 7. Be2 Nf6 8. O-O
Be7 9. Nxc6 dxc6 10. Be3 e5 11. Qc2 O-O 12. Rad1 Be6 13. c5 Rad8 14. h3 Rxd1
15. Rxd1 Rd8 16. Rxd8+ Qxd8 17. Qd3 Qa5 18. a3 Nd7 19. Qd2 Bxc5 20. Na4 Qxd2
21. Bxd2 Bd4 22. Nc3 Kf8 23. Kf1 Ke7 24. b4 f6 25. Nd1 g6 26. Be3 c5 27. Ke1
Bxe3 28. Nxe3 cxb4 29. axb4 Nb8 30. Kd2 Nc6 31. Kc3 b5 32. Nc2 f5 33. f3 f4 34.
Ne1 g5 35. Bf1 h5 36. Be2 Kf6 37. Bd1 Bc4 38. Bb3 Bxb3 39. Kxb3 a5 40. bxa5
Nxa5+ 41. Kb4 Nc4 42. Kxb5 Ne3 43. Kc5 Ke6 44. Kb4 Kd6 45. Kc3 g4 46. h4 Ke6
47. Kd3 Nxg2 48. Nxg2 gxf3 49. Ne3 fxe3 50. Kxe3 Kd6 51. Kxf3 Kc5 52. Ke3 Kc4
53. Kf3 Kd4 0-1

[Event "I Open Franciacorta"]
[Site "Castelli Calepio ITA"]
[Date "2007.04.28"]
[Round "1"]
[White "Gazzetta, Marco"]
[Black "Ljubisavljevic, Zivojin Z."]
[Result "0-1"]
[WhiteElo "1745"]
[BlackElo "2279"]
[PlyCount "50"]
[EventDate "2007.04.28"]

1. e4 d5 2. exd5 Nf6 3. d4 Nxd5 4. c4 Nb6 5. Nf3 Bg4 6. h3 Bxf3 7. gxf3 g6 8.
Nc3 Bg7 9. Be3 O-O 10. d5 c6 11. Bxb6 Qxb6 12. Qb3 Na6 13. dxc6 Qxc6 14. Nd5
Rfe8 15. O-O-O e6 16. Ne3 Qxf3 17. Bg2 Qf4 18. Kb1 Nc5 19. Qc2 Rac8 20. b4 Qf6
21. Kc1 Na4 22. Rd3 Nb2 23. Rb3 Nxc4 24. Nxc4 b5 25. Rf3 Qg5+ 0-1

[Event "I Open Franciacorta"]
[Site "Castelli Calepio ITA"]
[Date "2007.04.28"]
[Round "1"]
[White "Ghidinelli, Giorgio"]
[Black "Christen, Peter Walter"]
[Result "1-0"]
[WhiteElo "1873"]
[BlackElo "1436"]
[PlyCount "57"]
[EventDate "2007.04.28"]

1. d4 e6 2. c4 d5 3. Nc3 Nf6 4. Nf3 c6 5. Bg5 Nbd7 6. e3 Qa5 7. a3 Ne4 8. Qc2
Nxg5 9. Nxg5 Nf6 10. Nf3 Ne4 11. Nd2 Nxd2 12. Qxd2 Bb4 13. Rc1 Bxc3 14. Rxc3
Bd7 15. b4 Qd8 16. Bd3 O-O 17. O-O a5 18. Qb2 Rb8 19. b5 dxc4 20. Bxc4 cxb5 21.
Bxb5 Qb6 22. Rb3 Bxb5 23. Rxb5 Qa7 24. Rb1 Rfc8 25. Rb6 Kf8 26. h3 Rc7 27. a4
Ke7 28. Qa3+ Kd7 29. Qd6+ 1-0

[Event "I Open Franciacorta"]
[Site "Castelli Calepio ITA"]
[Date "2007.04.28"]
[Round "1"]
[White "Guglielmi, Dante"]
[Black "Frugoni, Giulio"]
[Result "1-0"]
[WhiteElo "1991"]
[BlackElo "1562"]
[PlyCount "71"]
[EventDate "2007.04.28"]

1. c4 e6 2. Nc3 Nf6 3. g3 d5 4. cxd5 Nxd5 5. Bg2 c6 6. Nf3 Bc5 7. O-O Qc7 8.
Ne4 Bb6 9. b3 O-O 10. Bb2 f6 11. Rc1 e5 12. Nc5 Bg4 13. h3 Bxc5 14. Rxc5 Be6
15. d4 e4 16. Ne1 Ne3 17. fxe3 Qxg3 18. Kh1 Bxh3 19. Rh5 Bxg2+ 20. Nxg2 Nd7 21.
Qe1 Qd6 22. Qh4 h6 23. Qxe4 Rae8 24. Qg6 Kh8 25. Rf3 Re7 26. Nh4 Ne5 27. Qg3
Ref7 28. Ng6+ Kh7 29. Nxf8+ Rxf8 30. dxe5 Qd1+ 31. Kh2 Qxe2+ 32. Qf2 Qd3 33.
Ba3 Rd8 34. exf6 Qg6 35. Rhh3 Rd1 36. f7 1-0

[Event "I Open Franciacorta"]
[Site "Castelli Calepio ITA"]
[Date "2007.04.28"]
[Round "1"]
[White "Impellizzeri, Francesco"]
[Black "Romagnoli, Franco"]
[Result "1-0"]
[WhiteElo "1736"]
[BlackElo "2110"]
[PlyCount "87"]
[EventDate "2007.04.28"]

1. d4 Nf6 2. c4 c5 3. d5 b5 4. cxb5 a6 5. bxa6 Bxa6 6. Nc3 d6 7. e4 Bxf1 8.
Kxf1 g6 9. g3 Bg7 10. Kg2 O-O 11. Nf3 Nbd7 12. Re1 Qa5 13. Nd2 Ne5 14. Qe2 Rfb8
15. f4 Ned7 16. Nc4 Qa6 17. Rb1 Rb4 18. b3 Qb7 19. Bd2 Qb8 20. e5 Ne8 21. e6
Ndf6 22. exf7+ Kxf7 23. Qxe7+ Kg8 24. Qe6+ Kh8 25. f5 gxf5 26. Qxf5 Qb7 27. Re6
Qd7 28. Rbe1 Rbb8 29. Bg5 Ng8 30. Qf3 Bd4 31. Bf4 Qg7 32. Na4 Ngf6 33. Nxd6
Nxd6 34. Bxd6 Rb7 35. R1e2 Rf7 36. Nxc5 Rd8 37. Nd3 Ng8 38. Qh5 Nf6 39. Qh4 Bc3
40. Nf4 Rg8 41. Nh5 Qg6 42. Nxf6 Bxf6 43. Qe4 Qg7 44. Be5 1-0

[Event "I Open Franciacorta"]
[Site "Castelli Calepio ITA"]
[Date "2007.04.28"]
[Round "1"]
[White "Mattia, Ermanno"]
[Black "Galiazzo, Giuliano"]
[Result "0-1"]
[WhiteElo "1643"]
[BlackElo "2024"]
[PlyCount "62"]
[EventDate "2007.04.28"]

1. e4 e6 2. d4 d5 3. Nc3 Nf6 4. Bg5 Be7 5. Bxf6 Bxf6 6. e5 Be7 7. Bd3 c5 8. Nf3
Nc6 9. dxc5 Bxc5 10. a3 O-O 11. Qe2 Bd7 12. h4 f6 13. exf6 Qxf6 14. O-O-O Rac8
15. Rhf1 Bxa3 16. Bxh7+ Kxh7 17. Qd3+ Kg8 18. bxa3 Ne5 19. Nxe5 Qxe5 20. Nb5
Bxb5 21. Qxb5 Qa1+ 22. Kd2 Qc3+ 23. Ke2 Qxc2+ 24. Rd2 Qe4+ 25. Kd1 Qxg2 26. f3
Qh3 27. Qe2 Qf5 28. Rb2 Rc3 29. f4 Rfc8 30. h5 Rc1+ 31. Kd2 R8c2+ 0-1

[Event "I Open Franciacorta"]
[Site "Castelli Calepio ITA"]
[Date "2007.04.28"]
[Round "1"]
[White "Menato, Nazario"]
[Black "Gallitto, Salvatore"]
[Result "1/2-1/2"]
[WhiteElo "1511"]
[BlackElo "1939"]
[PlyCount "51"]
[EventDate "2007.04.28"]

1. Nf3 d5 2. d3 Nc6 3. g3 e5 4. Nbd2 Be7 5. e4 Be6 6. Bg2 h5 7. c3 Qd7 8. h3
O-O-O 9. Qe2 dxe4 10. dxe4 g5 11. Nb3 f6 12. Be3 Qd3 13. Nfd2 Nh6 14. Qxd3 Rxd3
15. O-O-O a6 16. Bf1 Rdd8 17. Be2 Nf7 18. Bc4 Bxc4 19. Nxc4 Bd6 20. Rd2 b6 21.
f3 Be7 22. Rhd1 Rxd2 23. Rxd2 Rd8 24. Rxd8+ Kxd8 25. a4 a5 26. g4 1/2-1/2

[Event "I Open Franciacorta"]
[Site "Castelli Calepio ITA"]
[Date "2007.04.28"]
[Round "1"]
[White "Ranfagni, Stefano"]
[Black "Lazzaroni, Fabio"]
[Result "1-0"]
[WhiteElo "2034"]
[BlackElo "1622"]
[PlyCount "121"]
[EventDate "2007.04.28"]

1. e4 d5 2. exd5 Nf6 3. Nc3 Nxd5 4. d4 Nxc3 5. bxc3 g6 6. Nf3 Bg7 7. Bc4 O-O 8.
Ba3 Nc6 9. O-O Na5 10. Bd3 Re8 11. Re1 Be6 12. Bb4 Nc6 13. Rxe6 fxe6 14. Ng5
Qd5 15. Qg4 Nxb4 16. cxb4 Bxd4 17. Rd1 Bxf2+ 18. Kxf2 Rf8+ 19. Kg1 Qe5 20.
Qxe6+ Qxe6 21. Nxe6 Rf6 22. Nxc7 Rc8 23. Nd5 Re6 24. Rf1 Re5 25. Nf4 Kg7 26. g3
Rc6 27. a4 b6 28. Ne2 Rf6 29. Rxf6 exf6 30. Kf2 f5 31. Nd4 Re7 32. a5 Kf6 33.
axb6 axb6 34. Ne2 Re5 35. Kf3 Kg5 36. h4+ Kf6 37. Nd4 Rd5 38. Ne2 Re5 39. c4
Re7 40. Nf4 Rb7 41. Nd5+ Ke5 42. Ke3 Ke6 43. Kf4 h6 44. h5 g5+ 45. Ke3 Ke5 46.
Bf1 b5 47. cxb5 Rb8 48. Ne7 Ke6 49. Nc6 Rb6 50. Kd4 Kd6 51. Ne5 Rb8 52. Nf7+
Ke7 53. Nxh6 Kf6 54. g4 f4 55. Nf5 Rd8+ 56. Kc5 Rc8+ 57. Kd6 Rc1 58. b6 Rd1+
59. Kc5 Rc1+ 60. Bc4 Rd1 61. Nd6 1-0

[Event "I Open Franciacorta"]
[Site "Castelli Calepio ITA"]
[Date "2007.04.28"]
[Round "1"]
[White "Romano, Zeno"]
[Black "Brizzi, Matteo"]
[Result "1-0"]
[WhiteElo "1850"]
[BlackElo "1356"]
[PlyCount "61"]
[EventDate "2007.04.28"]

1. e4 e5 2. Nf3 Nc6 3. Bc4 Nf6 4. d3 Bc5 5. Nc3 d6 6. h3 h6 7. Be3 Bxe3 8. fxe3
O-O 9. Qd2 Re8 10. O-O-O Be6 11. Bxe6 Rxe6 12. g4 Qe7 13. g5 hxg5 14. Nxg5 Re8
15. Nxe6 Qxe6 16. Qg2 Nb4 17. Rhg1 g6 18. Kb1 c6 19. h4 d5 20. a3 Na6 21. Qg5
Nc5 22. h5 Nfd7 23. hxg6 fxg6 24. Qh6 Nf8 25. Rdf1 d4 26. exd4 exd4 27. Ne2 Qd6
28. Nf4 b5 29. Nxg6 Nxg6 30. Rxg6+ Qxg6 31. Qxg6+ 1-0

[Event "I Open Franciacorta"]
[Site "Castelli Calepio ITA"]
[Date "2007.04.28"]
[Round "1"]
[White "Starostits, Ilmars"]
[Black "Cattaneo, Ugo"]
[Result "1-0"]
[WhiteElo "2507"]
[BlackElo "1765"]
[PlyCount "63"]
[EventDate "2007.04.28"]

1. e4 e5 2. Nf3 Nc6 3. Bb5 a6 4. Ba4 Nf6 5. Qe2 Be7 6. O-O d6 7. h3 Bd7 8. c3
O-O 9. d3 h6 10. Be3 Re8 11. Nbd2 Bf8 12. Bb3 Ne7 13. Nh4 Be6 14. Bxe6 fxe6 15.
f4 Nc6 16. Ng6 Ne7 17. fxe5 Nd7 18. Nf4 Nxe5 19. d4 N5g6 20. Qg4 Kh7 21. Nxe6
Qc8 22. Rf7 Ng8 23. Nxc7 Qxg4 24. hxg4 Nf6 25. Nxa8 Rxa8 26. g5 Ng4 27. Re1 Be7
28. gxh6 Nxe3 29. Rxe3 Bg5 30. Rxg7+ Kxh6 31. Rg3 Rf8 32. Rxg5 1-0

[Event "I Open Franciacorta"]
[Site "Castelli Calepio ITA"]
[Date "2007.04.28"]
[Round "1"]
[White "Stella, Andrea"]
[Black "Cristiani, Gianfranco"]
[Result "1-0"]
[WhiteElo "2087"]
[BlackElo "1682"]
[PlyCount "49"]
[EventDate "2007.04.28"]

1. e4 e6 2. d3 d5 3. Nd2 c5 4. Ngf3 Nc6 5. g3 Nf6 6. Bg2 Be7 7. O-O O-O 8. e5
Nd7 9. Re1 Qc7 10. Qe2 Nb4 11. Nf1 Nc6 12. h4 b5 13. Bf4 Nb6 14. N1h2 Bb7 15.
Ng4 Rad8 16. Nf6+ Kh8 17. Ng5 g6 18. Ngxh7 Nd4 19. Qg4 Nd7 20. c3 Nf5 21. h5
Rg8 22. hxg6 fxg6 23. Ng5 Nf8 24. Qh3+ Kg7 25. Nxe6+ 1-0

[Event "I Open Franciacorta"]
[Site "Castelli Calepio ITA"]
[Date "2007.04.28"]
[Round "1"]
[White "Stella, Luca"]
[Black "Schaberg, Wolfgang"]
[Result "1/2-1/2"]
[WhiteElo "1892"]
[BlackElo "1480"]
[PlyCount "62"]
[EventDate "2007.04.28"]

1. e4 c5 2. Nf3 Nc6 3. d4 cxd4 4. Nxd4 Nf6 5. Nc3 d6 6. Be2 Bd7 7. Be3 g6 8.
O-O Bg7 9. h3 O-O 10. Qd2 Re8 11. f4 a6 12. Bf3 Qc7 13. Nb3 e6 14. Rad1 Bf8 15.
g4 h6 16. Qf2 b5 17. h4 Nh7 18. Kh1 Rec8 19. Rg1 Rab8 20. h5 Be8 21. Rg2 b4 22.
Ne2 e5 23. g5 hxg5 24. fxg5 Nd8 25. Ng3 Ne6 26. Nf5 Rb7 27. Nh6+ Bxh6 28. gxh6
g5 29. Rdg1 f6 30. Bg4 Qe7 31. Qf5 Bd7 1/2-1/2

[Event "I Open Franciacorta"]
[Site "Castelli Calepio ITA"]
[Date "2007.04.28"]
[Round "1"]
[White "Varinelli, Pierluigi"]
[Black "Brunello, Roberta"]
[Result "0-1"]
[WhiteElo "1558"]
[BlackElo "1956"]
[PlyCount "76"]
[EventDate "2007.04.28"]

1. c4 e6 2. g3 Nf6 3. Bg2 d5 4. cxd5 exd5 5. d4 Bd6 6. Nc3 c6 7. Nf3 O-O 8. O-O
Bf5 9. Bg5 Nbd7 10. Re1 Re8 11. Nh4 Bg4 12. h3 Bh5 13. g4 Bg6 14. Nxg6 hxg6 15.
e4 dxe4 16. Nxe4 Be7 17. Nxf6+ Nxf6 18. Bxf6 Bxf6 19. Rxe8+ Qxe8 20. d5 c5 21.
Qc2 Bd4 22. Rd1 Qb5 23. b3 Re8 24. Bf3 Qb6 25. Qd3 Qf6 26. Rd2 Qf4 27. Re2 Qg3+
28. Kf1 Qxh3+ 29. Ke1 Rd8 30. Qe4 Qh2 31. Qe7 Bf6 32. Qxc5 Qg1+ 33. Kd2 Bg5+
34. Kd3 Qd1+ 35. Kc4 Qc1+ 36. Kb4 Qf4+ 37. Be4 Qxg4 38. f3 Qd7 0-1

[Event "I Open Franciacorta"]
[Site "Castelli Calepio ITA"]
[Date "2007.04.28"]
[Round "2"]
[White "Brizzi, Matteo"]
[Black "Mattia, Ermanno"]
[Result "0-1"]
[WhiteElo "1356"]
[BlackElo "1643"]
[PlyCount "60"]
[EventDate "2007.04.28"]

1. e4 c5 2. Nf3 Nc6 3. Bb5 e6 4. Nc3 Nge7 5. O-O a6 6. Ba4 b5 7. Nxb5 axb5 8.
Bxb5 Ba6 9. Qe2 Qb6 10. Bxa6 Rxa6 11. c3 Ng6 12. Qe3 Be7 13. d4 cxd4 14. cxd4
O-O 15. a3 Rc8 16. Qc3 Raa8 17. Be3 Qb7 18. h3 Nce5 19. Qd3 Nc4 20. Qe2 Qxe4
21. Rfe1 Nxe3 22. fxe3 Rc2 23. Qb5 Rxg2+ 24. Kxg2 Nh4+ 25. Kg1 Nxf3+ 26. Kf1
Nxe1 27. Rxe1 Bh4 28. Qxd7 Qh1+ 29. Ke2 Qxe1+ 30. Kd3 Qb1+ 0-1

[Event "I Open Franciacorta"]
[Site "Castelli Calepio ITA"]
[Date "2007.04.28"]
[Round "2"]
[White "Brunello, Roberta"]
[Black "De Santis, Alessio"]
[Result "0-1"]
[WhiteElo "1956"]
[BlackElo "2321"]
[PlyCount "98"]
[EventDate "2007.04.28"]

1. e4 c5 2. Nf3 e6 3. d4 cxd4 4. Nxd4 a6 5. Nc3 Qc7 6. Be3 Nf6 7. f3 b5 8. Qd2
Bb7 9. O-O-O Bb4 10. Kb1 O-O 11. g4 Rc8 12. g5 Ne8 13. Nde2 Nd6 14. a3 Nc4 15.
Qd3 Nxa3+ 16. bxa3 Bxc3 17. Nxc3 Qxc3 18. Bd4 Qxd3 19. Bxd3 d5 20. e5 Nc6 21.
c3 Na5 22. Kc2 Nc4 23. Bxc4 Rxc4 24. Rb1 Bc6 25. Rb2 a5 26. Rhb1 Be8 27. Kd2
Ra4 28. Rb3 Rc8 29. Ke3 Bd7 30. R1b2 Rac4 31. Rb1 h6 32. h4 h5 33. Kd3 Be8 34.
Ke3 Kh7 35. R1b2 Kg6 36. Kf4 Ra4 37. Ke3 Rcc4 38. Rb1 Kf5 39. Rg1 Kg6 40. Rc1
Rc8 41. Rg1 Rac4 42. Rg2 a4 43. Rb1 Rxc3+ 44. Bxc3 Rxc3+ 45. Kf4 Bc6 46. Rf2 d4
47. Rd2 Rxa3 48. Rxd4 Rb3 49. Rd6 Bd5 0-1

[Event "I Open Franciacorta"]
[Site "Castelli Calepio ITA"]
[Date "2007.04.28"]
[Round "2"]
[White "Christen, Peter Walter"]
[Black "Gazzetta, Marco"]
[Result "0-1"]
[WhiteElo "1436"]
[BlackElo "1745"]
[PlyCount "86"]
[EventDate "2007.04.28"]

1. e4 e6 2. d4 d5 3. Nc3 dxe4 4. Nxe4 Nd7 5. Nf3 Ngf6 6. Bg5 Be7 7. Nxf6+ Nxf6
8. Bc4 O-O 9. O-O b6 10. Re1 Bb7 11. c3 h6 12. Bxf6 Bxf6 13. Re3 Rc8 14. Rd3
Bd5 15. Ba6 Rb8 16. Qa4 Be4 17. Re3 Bxf3 18. Rxf3 Qd5 19. Bc4 b5 20. Bxd5 bxa4
21. Bc6 Rxb2 22. Bxa4 Rfb8 23. g3 Rb1+ 24. Rxb1 Rxb1+ 25. Kg2 Rc1 26. Bb3 Kf8
27. Rd3 Ke7 28. c4 a5 29. a4 Rb1 30. h4 Bxd4 31. f3 e5 32. g4 Kd6 33. c5+ Ke7
34. c6 f6 35. Bc4 Kd6 36. Bb5 Kd5 37. h5 e4 38. fxe4+ Kxe4 39. Rd2 Rg1+ 40. Kh3
Kf3 41. Rd3+ Be3 42. Kh2 Rxg4 43. Kh3 Rg5 0-1

[Event "I Open Franciacorta"]
[Site "Castelli Calepio ITA"]
[Date "2007.04.28"]
[Round "2"]
[White "Colzi, Dante"]
[Black "Fagnani, Alessandro"]
[Result "1/2-1/2"]
[WhiteElo "1754"]
[BlackElo "1873"]
[PlyCount "113"]
[EventDate "2007.04.28"]

1. e4 e5 2. Bc4 Nf6 3. d3 Bc5 4. Nf3 Nc6 5. O-O d6 6. c3 Bg4 7. h3 Bh5 8. Nbd2
Qd7 9. Re1 g5 10. d4 exd4 11. e5 dxe5 12. Nxe5 Bxd1 13. Nxd7+ Kxd7 14. Rxd1
Rad8 15. Nf3 h6 16. cxd4 Ke8 17. Be3 Bb6 18. Bb5 Rd6 19. Ne5 Ke7 20. Bxc6 bxc6
21. Rac1 Ke6 22. Nxc6 Nd7 23. Re1 Kf6 24. a4 a5 25. b4 Ra8 26. bxa5 Bxa5 27.
Nxa5 Rxa5 28. Rxc7 Rxa4 29. Rec1 Raa6 30. Rb7 Rab6 31. Rcc7 Rxb7 32. Rxb7 Nf8
33. Kf1 Ne6 34. Rb4 Kf5 35. Ke2 Ke4 36. f3+ Kf5 37. Rb5+ Kg6 38. g3 Nxd4+ 39.
Bxd4 Rxd4 40. Ke3 Ra4 41. g4 Ra3+ 42. Ke2 Ra2+ 43. Kf1 Rh2 44. Rb6+ f6 45. Rb8
Rxh3 46. Kg2 Rh4 47. Rg8+ Kh7 48. Rf8 Kg7 49. Rb8 h5 50. Rb7+ Kg6 51. Kg3 hxg4
52. fxg4 Rh7 53. Rb3 Rf7 54. Rf3 f5 55. gxf5+ Kh5 56. Rf1 g4 57. Rf4 1/2-1/2

[Event "I Open Franciacorta"]
[Site "Castelli Calepio ITA"]
[Date "2007.04.28"]
[Round "2"]
[White "Corbellini, Nicola"]
[Black "Acunzo, Domenico"]
[Result "0-1"]
[WhiteElo "1536"]
[BlackElo "1789"]
[PlyCount "56"]
[EventDate "2007.04.28"]

1. e4 e6 2. d4 d5 3. Nc3 Bb4 4. e5 c5 5. a3 Bxc3+ 6. bxc3 Ne7 7. Qg4 O-O 8. h4
f5 9. Qg3 Nbc6 10. Nf3 Qa5 11. Bd2 Qa4 12. Bh6 Rf7 13. Kd2 cxd4 14. Nxd4 Nxd4
15. cxd4 Qxd4+ 16. Bd3 f4 17. Qg5 Qxf2+ 18. Kc3 Bd7 19. Raf1 Rc8+ 20. Kb2 Qd4+
21. Ka2 Nf5 22. Rxf4 Qc5 23. g4 Bb5 24. Rh2 Bxd3 25. cxd3 Rfc7 26. Rb2 d4 27.
Rf1 Qd5+ 28. Ka1 Nxh6 0-1

[Event "I Open Franciacorta"]
[Site "Castelli Calepio ITA"]
[Date "2007.04.28"]
[Round "2"]
[White "Cristiani, Gianfranco"]
[Black "Biagini, Leonardo"]
[Result "0-1"]
[WhiteElo "1682"]
[BlackElo "1404"]
[PlyCount "90"]
[EventDate "2007.04.28"]

1. b3 e5 2. Bb2 Nc6 3. e3 d5 4. Bb5 Nge7 5. Nf3 e4 6. Nd4 Bd7 7. Nxc6 Bxc6 8.
Bxc6+ Nxc6 9. Qg4 h6 10. a3 Qg5 11. Qxg5 hxg5 12. Nc3 O-O-O 13. Nb5 f6 14.
O-O-O a6 15. Nc3 Ne7 16. Ne2 Nf5 17. g3 Bd6 18. Rdf1 g4 19. Nf4 Bxf4 20. exf4
Rh3 21. Rfg1 c5 22. Kd1 d4 23. d3 exd3 24. cxd3 Rdh8 25. Rg2 Nd6 26. Kd2 Kd7
27. a4 a5 28. Kd1 Nf7 29. Bc1 Kc6 30. Bd2 b6 31. Re1 Kd7 32. f5 Ne5 33. Bf4 Kd6
34. Kd2 Rxh2 35. Rxh2 Rxh2 36. Ke2 Kd7 37. Bxe5 fxe5 38. Kf1 Rh1+ 39. Ke2 Rxe1+
40. Kxe1 Ke7 41. Ke2 Kf6 42. f3 Kxf5 43. Kf2 g5 44. Ke2 gxf3+ 45. Kxf3 g4+ 0-1

[Event "I Open Franciacorta"]
[Site "Castelli Calepio ITA"]
[Date "2007.04.28"]
[Round "2"]
[White "Dieli, Riccardo"]
[Black "Capata, Ion"]
[Result "0-1"]
[WhiteElo "1853"]
[BlackElo "2158"]
[PlyCount "80"]
[EventDate "2007.04.28"]

1. Nf3 d5 2. c4 e6 3. cxd5 exd5 4. e3 Nf6 5. Be2 Bd6 6. b3 O-O 7. Bb2 c5 8. O-O
b6 9. d4 Bb7 10. Nc3 Nbd7 11. Rc1 Rc8 12. dxc5 bxc5 13. Bd3 g6 14. Re1 Nb6 15.
Bb1 c4 16. Nb5 cxb3 17. Rxc8 Nxc8 18. Qxb3 Ne4 19. Bxe4 dxe4 20. Nfd4 Be5 21.
Nxa7 Qa5 22. Bc3 Qxa7 23. Nc6 Bxc6 24. Bxe5 Qa5 25. Bc3 Qb5 26. Qc2 Nb6 27. Rb1
Qc5 28. Qb3 Bd5 29. Bb4 Qb5 30. Qc2 Rc8 31. Qd2 Bxa2 32. Ra1 Bb3 33. Qd6 Qc6
34. Qxc6 Rxc6 35. h3 Be6 36. Rd1 Nd5 37. Ba3 f6 38. Rc1 Rxc1+ 39. Bxc1 Kf7 40.
Kh2 Nc3 0-1

[Event "I Open Franciacorta"]
[Site "Castelli Calepio ITA"]
[Date "2007.04.28"]
[Round "2"]
[White "Frugoni, Giulio"]
[Black "Garnero, Lorenzo"]
[Result "0-1"]
[WhiteElo "1562"]
[BlackElo "1569"]
[PlyCount "64"]
[EventDate "2007.04.28"]

1. e4 e5 2. Nf3 Nf6 3. Nc3 Nc6 4. d4 exd4 5. Nxd4 Bb4 6. Nf5 O-O 7. Bg5 Re8 8.
Bd3 Nxe4 9. O-O Nxg5 10. Qh5 g6 11. Qh6 Bf8 12. Qh4 gxf5 13. Qg3 d5 14. f4 d4
15. Nd1 Bd6 16. h4 h6 17. hxg5 Qxg5 18. Qh3 Bxf4 19. Kh1 Qg3 20. Qxg3+ Bxg3 21.
Nf2 Re5 22. Nh3 Bd7 23. Nf4 Bxf4 24. Rxf4 Rae8 25. Rh4 Re1+ 26. Rxe1 Rxe1+ 27.
Kh2 Kg7 28. Rf4 Kg6 29. Kg3 Kg5 30. Rf2 Re3+ 31. Rf3 f4+ 32. Kf2 Ne5 0-1

[Event "I Open Franciacorta"]
[Site "Castelli Calepio ITA"]
[Date "2007.04.28"]
[Round "2"]
[White "Galiazzo, Giuliano"]
[Black "Stella, Andrea"]
[Result "0-1"]
[WhiteElo "2024"]
[BlackElo "2087"]
[PlyCount "112"]
[EventDate "2007.04.28"]

1. d4 Nf6 2. Nf3 e6 3. Nbd2 c5 4. e3 b6 5. Bd3 Bb7 6. c3 Be7 7. O-O O-O 8. Re1
d6 9. e4 cxd4 10. Nxd4 Nbd7 11. b4 Qc7 12. Bb2 d5 13. a3 Ne5 14. Bc2 dxe4 15.
Nxe4 Nxe4 16. Bxe4 Bxe4 17. Rxe4 Nc4 18. Qe2 Nxb2 19. Qxb2 Bf6 20. Rc1 Rfd8 21.
Ne2 Rac8 22. Qc2 Bxc3 23. g3 Be5 24. Qa4 Qb8 25. Rxc8 Rxc8 26. Qd7 Rd8 27. Qc6
Qc7 28. Qb5 Bf6 29. Qa4 Qd7 30. Qxd7 Rxd7 31. Rc4 Kf8 32. Nc3 Bxc3 33. Rxc3 Ke7
34. Kf1 Kd6 35. Ke2 Rc7 36. Rd3+ Kc6 37. Rc3+ Kb7 38. Rd3 Ka6 39. Kd2 Kb7 40.
a4 Kc8 41. Ke3 Rc4 42. Rb3 e5 43. Kd3 Rd4+ 44. Ke3 Kd7 45. f3 Kd6 46. f4 f6 47.
fxe5+ fxe5 48. h3 g6 49. a5 Kc7 50. Rc3+ Kd7 51. axb6 axb6 52. Rb3 Kd6 53. Rb2
b5 54. Rb1 Kd5 55. Rb2 Kc4 56. Rb1 Rd3+ 0-1